000
00318nam a22001457a 4500
020
_a
978-81-226-1342-1
082
_a
894.812.3
_b
TAG/I
100
_a
TAGORE, RAVEEDNRANATH
245
_a
BAALI, CHOGHER
260
_a
THRISSUR
_b
CURRENT BOOKS
_c
2017
300
_a
254
520
_a
NOVEL
650
_a
NOVEL
942
_c
BK
999
_c
5332
_d
5332